|
|
|
|
| LEADER |
00816naa a2200205 i 4500 |
| 001 |
acta84695 |
| 005 |
20240409143116.0 |
| 008 |
240409s2012 hu o 0|| eng d |
| 020 |
|
|
|a 978 963 306 154 1
|
| 040 |
|
|
|a SZTE Egyetemi Kiadványok Repozitórium
|b hun
|
| 041 |
|
|
|a eng
|
| 100 |
1 |
|
|a Karsai Krisztina
|
| 245 |
1 |
0 |
|a Consumer protection by criminal law
|h [elektronikus dokumentum] /
|c Karsai Krisztina
|
| 260 |
|
|
|a Szegedi Tudományegyetem Állam- és Jogtudományi Kar
|b Szeged
|c 2012
|
| 300 |
|
|
|a 455-468
|
| 490 |
0 |
|
|a Ünnepi e-könyv : Herczeg János professzor 70. születésnapjára
|
| 650 |
|
4 |
|a Társadalomtudományok
|
| 650 |
|
4 |
|a Jogtudomány
|
| 695 |
|
|
|a Büntetőjog, Fogyasztói érdekvédelem
|
| 856 |
4 |
0 |
|u http://acta.bibl.u-szeged.hu/84695/1/unnepi_ekonyv_herczeg_janos_2012_455-468.pdf
|z Dokumentum-elérés
|